Vietnam : EIU country profile 2008.

Bibliographic Details
Format: Book
Published: London: The Economist Intelligence Unit, 2008.
Subjects:
LEADER 00424cam a2200145 7i4500
001 0000022089
005 20081212090000.0
022 0 0 |a 1356-4145 
090 0 0 |a VIET 330.9   |b VIE 
245 0 0 |a Vietnam :   |b EIU country profile 2008. 
260 0 0 |a London:   |b The Economist Intelligence Unit,   |c 2008. 
300 # # |a 26 p. 
650 0 0 |a Country profile --   |z Vietnam  
651 0 0 |a Vietnam  
999 |a B000023442  |b Book  |c Countries  |e Business Information Centre